| 000 | 00903nam a2200325Ia 4500 | ||
|---|---|---|---|
| 008 | 160803s9999 xx 000 0 und d | ||
| 020 | _a9780545346405 | ||
| 100 | _aMarzollo, Jean | ||
| 245 | _aPierre the penguin : | ||
| 245 | _cwritten by Jean Marzollo ; and illustrated by Laura Regan. | ||
| 260 | _aNew York : | ||
| 260 | _bScholastic Inc. | ||
| 260 | _c2010 | ||
| 300 | _a1 volume (unpaged) : | ||
| 300 | _bcolor illustrations ; | ||
| 300 | _c23 cm | ||
| 440 | _aReady-to-go classroom library., | ||
| 440 | _vGrade 2 | ||
| 650 | _aAfrican penguin -- | ||
| 650 | _aAfrican penguin -- Health -- | ||
| 650 | _aBathing suits -- | ||
| 650 | _aFeathers -- | ||
| 650 | _aFeathers -- Diseases -- | ||
| 650 | _xDiseases. | ||
| 650 | _xHealth. | ||
| 650 | _xJuvenile literature. | ||
| 650 | _xJuvenile literature. | ||
| 650 | _xJuvenile literature. | ||
| 700 | _a580 | ||
| 999 |
_c298167 _d298167 |
||